| 000 | 00689nam a22002057a 4500 | ||
|---|---|---|---|
| 005 | 20231130145708.0 | ||
| 010 | _aENG-138497 | ||
| 020 |
_a9789393330000 _c635.00 |
||
| 035 | _aEN-122029 | ||
| 037 | _aDBAD/PUB | ||
| 082 |
_a616.9041 _23 |
||
| 245 |
_aAnathanarayan and Panicker's Textbook of Microbiology For Nurses/ _cEdited By Sonal Saxena |
||
| 250 | _a3 | ||
| 260 |
_aHyderabad _bUniversities Press _c2024 |
||
| 270 |
_a3-6-747/1/A & 3-6-754/1 Himayatnagar _bHyderbad _e500029 |
||
| 300 |
_a322p. _b28cm(pbk) _cill. |
||
| 500 | _a Includes bibliographical references and index | ||
| 700 |
_dSaxena, Sonal _aEditor _959259 |
||
| 942 |
_2ddc _cEN _mANA _h616.9041 _e3 |
||
| 999 |
_c199339 _d199339 |
||